Messier Objects by Picture - Statistics

General Stats
  • This quiz has been taken 105 times
    94 since last reset
  • The average score is 9 of 16
Answer Stats
Picture Answer % Correct
Crab Nebula
92%
Ring Nebula
92%
Orion Nebula
82%
Pleiades
75%
Sombrero Galaxy
74%
Whirlpool Galaxy
72%
Andromeda Galaxy
66%
Eagle Nebula
57%
Dumbbell Nebula
52%
Trifid Nebula
52%
Triangulum Galaxy
51%
Lagoon Nebula
43%
Swan Nebula
38%
Beehive Cluster
36%
Ptolemy Cluster
33%
Butterfly Cluster
31%
No matching quizzes found
Score Distribution
Percent of People with Each Score
Percentile by Number Answered
Your Score History
You have not taken this quiz since the last reset